[Event "HUN-chT2 Maroczy 1213"]
[Site "Hungary"]
[Date "2013.03.03"]
[Round "8"]
[White "Komjathy, Andras"]
[Black "Donka, Mate Salamon"]
[Result "1/2-1/2"]
[WhiteElo "2004"]
[BlackElo "1815"]
[PlyCount "43"]
[EventDate "2012.09.16"]
[EventType "team-tourn"]
[EventRounds "11"]
[EventCountry "HUN"]
[SourceTitle "EXT 2014"]
[Source "ChessBase"]
[SourceDate "2013.11.20"]
[SourceVersion "1"]
[SourceVersionDate "2013.11.20"]
[SourceQuality "1"]
[WhiteTeam "Hobagoly"]
[BlackTeam "Hajduszoboszlo"]
[WhiteTeamCountry "HUN"]
[BlackTeamCountry "HUN"]

1. e4 c5 2. Nf3 e6 3. Nc3 Nf6 4. d4 cxd4 5. Nxd4 Bb4 6. e5 Nd5 7. Bd2 Nxc3 8. bxc3 Be7 9. Qg4 g6 10. Rd1 Qc7 11. Qg3 a6 12. h4 h5 13. Bd3 d6 14. f4 Nd7 15. 0-0 Nc5 16. Rde1 Bd7 17. Rb1 Rb8 18. Rbe1 Ra8 19. Nf3 Bc6 20. Nd4 Bd7 21. Nf3 Bc6 22. Nd4 1/2-1/2

[Event "HUN-chT2 Maroczy 1011"]
[Site "Hungary"]
[Date "2010.11.21"]
[Round "6"]
[White "Tenk, Zoltan"]
[Black "Komjathy, Andras"]
[Result "1/2-1/2"]
[WhiteElo "1995"]
[BlackElo "1996"]
[PlyCount "30"]
[EventDate "2010.09.12"]
[EventType "team-tourn"]
[EventRounds "11"]
[EventCountry "HUN"]
[SourceTitle "EXT 2012"]
[Source "ChessBase"]
[SourceDate "2011.11.24"]
[SourceVersion "1"]
[SourceVersionDate "2011.11.24"]
[SourceQuality "1"]
[WhiteTeam "Maroczy"]
[BlackTeam "Lila Futo"]
[WhiteTeamCountry "HUN"]
[BlackTeamCountry "HUN"]

1. e4 e5 2. Nf3 Nf6 3. Nxe5 d6 4. Nf3 Nxe4 5. d4 d5 6. Be2 Be7 7. 0-0 0-0 8. Be3 Be6 9. c3 c6 10. Qc2 Qc7 11. Nfd2 Nf6 12. Nf3 Ne4 13. Nfd2 Nf6 14. Nf3 Ne4 15. Nfd2 Nf6 1/2-1/2

[Event "HUN-chT2 Maroczy 1011"]
[Site "Hungary"]
[Date "2010.09.26"]
[Round "2"]
[White "Komjathy, Andras"]
[Black "Zilahi, Tamas"]
[Result "1/2-1/2"]
[WhiteElo "1996"]
[BlackElo "1927"]
[PlyCount "76"]
[EventDate "2010.09.12"]
[EventType "team-tourn"]
[EventRounds "11"]
[EventCountry "HUN"]
[SourceTitle "EXT 2012"]
[Source "ChessBase"]
[SourceDate "2011.11.24"]
[SourceVersion "1"]
[SourceVersionDate "2011.11.24"]
[SourceQuality "1"]
[WhiteTeam "Lila Futo"]
[BlackTeam "Nyiregyhaza"]
[WhiteTeamCountry "HUN"]
[BlackTeamCountry "HUN"]

1. e4 c5 2. Nc3 d6 3. f4 Nc6 4. Bb5 a6 5. Bxc6+ bxc6 6. Nf3 Nf6 7. d3 e6 8. 0-0 Be7 9. e5 Nd5 10. Ne4 0-0 11. c4 Nb6 12. exd6 Bxd6 13. b4 f5 14. Nxc5 a5 15. Be3 axb4 16. Ng5 Bxf4 17. Rxf4 Qxg5 18. Ne4 Qd8 19. Nc5 e5 20. Rf1 f4 21. Bf2 Qd6 22. Ne4 Qc7 23. Bc5 Rd8 24. Qh5 Na4 25. Bd6 Qa7+ 26. c5 Ba6 27. Qxe5 Bxd3 28. Ng5 Re8 29. Qxf4 Bxf1 30. Rxf1 Nc3 31. Qf5 g6 32. Qf6 Qg7 33. Qf3 Nd5 34. Qh3 Rxa2 35. Ne6 Qd7 36. Qh6 Raa8 37. Ng5 Qg7 38. Qh3 Ra7 1/2-1/2

[Event "HUN-chT2 Charousek 0910"]
[Site "Hungary"]
[Date "2009.12.20"]
[Round "4"]
[White "Bakos, Andrea"]
[Black "Komjathy, Andras"]
[Result "0-1"]
[WhiteElo "1889"]
[BlackElo "2005"]
[PlyCount "130"]
[EventDate "2009.11.08"]
[EventType "team-tourn"]
[EventRounds "11"]
[EventCountry "HUN"]
[SourceTitle "EXT 2011"]
[Source "ChessBase"]
[SourceDate "2010.11.26"]
[SourceVersion "1"]
[SourceVersionDate "2010.11.26"]
[SourceQuality "1"]
[WhiteTeam "Tapolca"]
[BlackTeam "Hobagoly"]
[WhiteTeamCountry "HUN"]
[BlackTeamCountry "HUN"]

1. e4 c5 2. Nf3 d6 3. Bb5+ Bd7 4. Bxd7+ Nxd7 5. 0-0 Ngf6 6. Qe2 e6 7. d4 cxd4 8. Nxd4 Be7 9. c4 0-0 10. Nd2 Qb6 11. N2f3 Nc5 12. e5 dxe5 13. Qxe5 Rfd8 14. Nb5 a6 15. Nc3 Rac8 16. b3 Nd3 17. Qe2 Ng4 18. Na4 Qa7 19. h3 Nxc1 20. Raxc1 Nf6 21. Rfd1 h6 22. Rxd8+ Rxd8 23. Rd1 Rxd1+ 24. Qxd1 b5 25. cxb5 axb5 26. Nc3 Qc5 27. Qd4 b4 28. Ne2 Qc2 29. Qd2 Qb1+ 30. Kh2 Ne4 31. Qd4 Bd6+ 32. g3 Bc5 33. Nd2 Bxd4 34. Nxb1 Bb2 35. Kg2 Kf8 36. Kf3 f5 37. Ke3 Ke7 38. f3 Nc5 39. Nd4 Kd6 40. Nc2 Na6 41. a3 Kc5 42. axb4+ Nxb4 43. Nxb4 Kxb4 44. Kd3 Kxb3 45. Nd2+ Kb4 46. Nc4 Bf6 47. g4 fxg4 48. fxg4 Kc5 49. Ne3 Bg5 50. Ng2 Kd5 51. Ne1 e5 52. Ke2 Ke4 53. Nd3 Bh4 54. Nc5+ Kd5 55. Nd7 Be7 56. Nb6+ Ke4 57. Nc8 Bc5 58. h4 Kf4 59. g5 hxg5 60. hxg5 e4 61. g6 Kg3 62. Ne7 Bxe7 63. Ke3 Kg4 64. Kxe4 Kg5 65. Kf3 Kxg6 0-1

[Event "HUN-chT2 Charousek 0809"]
[Site "Hungary"]
[Date "2009.03.08"]
[Round "9"]
[White "Bubits, Bence"]
[Black "Komjathy, Andras"]
[Result "1/2-1/2"]
[WhiteElo "2034"]
[BlackElo "1966"]
[PlyCount "36"]
[EventDate "2008.10.26"]
[EventType "team-tourn"]
[EventRounds "11"]
[EventCountry "HUN"]
[SourceTitle "EXT 2010"]
[Source "ChessBase"]
[SourceDate "2010.11.25"]
[SourceVersion "1"]
[SourceVersionDate "2010.11.25"]
[SourceQuality "1"]
[WhiteTeam "Csuti II"]
[BlackTeam "Hobagoly"]
[WhiteTeamCountry "HUN"]
[BlackTeamCountry "HUN"]

1. d4 Nf6 2. g3 g6 3. Bg2 d5 4. Nf3 Bg7 5. 0-0 0-0 6. c4 dxc4 7. Na3 Nc6 8. Nxc4 Be6 9. b3 Bd5 10. Bb2 a5 11. Rc1 Qc8 12. a3 Rd8 13. e3 Ra6 14. Qc2 Be4 15. Qe2 Bf5 16. Nfe5 Nxe5 17. Nxe5 Be6 18. Nd3 c6 1/2-1/2

[Event "HUN-chT2 Charousek 0809"]
[Site "Hungary"]
[Date "2008.12.21"]
[Round "4"]
[White "Remete, Eszter"]
[Black "Komjathy, Andras"]
[Result "0-1"]
[WhiteElo "2130"]
[BlackElo "1966"]
[PlyCount "104"]
[EventDate "2008.10.26"]
[EventType "team-tourn"]
[EventRounds "11"]
[EventCountry "HUN"]
[SourceTitle "EXT 2010"]
[Source "ChessBase"]
[SourceDate "2010.11.25"]
[SourceVersion "1"]
[SourceVersionDate "2010.11.25"]
[SourceQuality "1"]
[WhiteTeam "Haladas II"]
[BlackTeam "Hobagoly"]
[WhiteTeamCountry "HUN"]
[BlackTeamCountry "HUN"]

1. e4 c5 2. Nf3 d6 3. d4 cxd4 4. Nxd4 Nf6 5. Nc3 a6 6. Bc4 e6 7. Bb3 Be7 8. 0-0 Qc7 9. Qe2 b5 10. a3 Nc6 11. Nxc6 Qxc6 12. Bg5 0-0 13. Rad1 Bb7 14. f3 Rfe8 15. Kh1 Rac8 16. Rd2 Rcd8 17. Rfd1 Rd7 18. Qf2 Ng4 19. Qh4 Ne3 20. Re1 Nc4 21. Bxc4 bxc4 22. Bxe7 Rexe7 23. Red1 Re8 24. e5 d5 25. Ne2 Qb6 26. c3 Qd8 27. Qh5 Qe7 28. Rd4 h6 29. Rg4 Kf8 30. Rdd4 Qc5 31. Rdf4 Qe3 32. Qg6 Qxe5 33. Qh7 f5 34. Qh8+ Kf7 35. Qh7 Rg8 36. Ng1 Kf8 37. Qg6 Rf7 38. Rh4 Rf6 39. Qh7 g5 40. Rxh6 gxf4 41. Rxf6+ Qxf6 42. Qxb7 Qg6 43. Qb8+ Kf7 44. Qa7+ Kf6 45. Qf2 e5 46. Ne2 Rb8 47. Qc5 Qe8 48. Qxd5 Qe6 49. Qd2 Qb6 50. g3 Rd8 51. Qe1 Qe3 52. gxf4 Qxf3+ 0-1